| 000 | 01130cab a22002535a 4500 | ||
|---|---|---|---|
| 001 | L158938 | ||
| 008 | 151016e20151016xxk 000 0 eng d | ||
| 035 | _a(Sirsi) u158938 | ||
| 041 | 0 | _aeng | |
| 100 | 1 | _aYoude, Kate | |
| 245 | 0 | 0 | _aComing to a standstill |
| 260 | _c2015 | ||
| 490 |
_aInside Housing _v16 October 2015, 24-26(3) |
||
| 520 | _aAssesses the success of the Energy Company Oblgation (ECO) scheme set up to improving the energy efficiency of homes in the UK through measures funded by the large energy suppliers such as cavity wall installation and replacing boilers with more energy efficiency ones. There are two ECO programmes, ECO1 which ran from Jan 2013 and March 2015 and the second from April 2015 to March 2017. With the ECO ending in 2017 assesses the future for improving energy efficiency of UK social housing stock. | ||
| 590 | _aKA | ||
| 650 | 2 | 4 | _aENERGY COMPANY OBLIGATION |
| 650 | 2 | 4 | _aCLIMATE CHANGE ACT 2008 |
| 650 | 2 | 4 | _aGREEN DEAL |
| 651 | 4 |
_aUnited Kingdom _y |
|
| 690 |
_aSustainability _96271 |
||
| 690 |
_aEnergy _96237 |
||
| 690 |
_aResidential property _96266 |
||
| 942 | _n0 | ||
| 999 |
_c84739 _d84739 |
||